[Event "Llinars del Valles op-B 6th"]
[Site "Llinars del Valles"]
[Date "2012.05.19"]
[Round "6"]
[White "Bosch Ricart, Joan"]
[Black "Camps Carreras, Marcel"]
[Result "1/2-1/2"]
[WhiteElo "1695"]
[BlackElo "1589"]
[PlyCount "81"]
[EventDate "2012.04.14"]
[EventType "swiss"]
[EventRounds "9"]
[EventCountry "ESP"]
[SourceTitle "EXT 2013"]
[Source "ChessBase"]
[SourceDate "2012.11.22"]
[SourceVersion "1"]
[SourceVersionDate "2012.11.22"]
[SourceQuality "1"]

1. d4 Nf6 2. Nf3 d5 3. e3 Bf5 4. c4 e6 5. Nc3 c5 6. cxd5 Nxd5 7. Qa4+ Qd7 8. Bb5 Nc6 9. Ne5 Qc7 10. Nxd5 exd5 11. Nxc6 bxc6 12. Bxc6+ Bd7 13. Bxd7+ Qxd7 14. Qxd7+ Kxd7 15. 0-0 c4 16. Bd2 a5 17. a3 a4 18. Rfe1 Rb8 19. Bc3 Bd6 20. e4 Rb5 21. e5 Bc7 22. f4 Ba5 23. Bxa5 Rxa5 24. Rac1 Rb5 25. Rc2 Rhb8 26. Ree2 Rb3 27. Kf1 Rd3 28. Red2 Rbb3 29. Ke1 Re3+ 30. Re2 Red3 31. Rcd2 Ke6 32. Rxd3 Rxd3 33. Rd2 Rb3 34. g4 g6 35. Kf2 Rh3 36. Kg2 Rb3 37. h4 Re3 38. Kf2 Rh3 39. Kg2 Rxh4 40. Kg3 Rh1 41. Kg2 1/2-1/2

[Event "Llinars del Valles op-B 5th"]
[Site "Llinars del Valles"]
[Date "2011.06.04"]
[Round "7"]
[White "Camps Carreras, Marcel"]
[Black "Gimenez Aguirre, Ismael Alejo"]
[Result "1/2-1/2"]
[WhiteElo "1569"]
[BlackElo "1702"]
[PlyCount "40"]
[EventDate "2011.04.30"]
[EventType "swiss"]
[EventRounds "7"]
[EventCountry "ESP"]
[SourceTitle "EXT 2012"]
[Source "ChessBase"]
[SourceDate "2011.11.24"]
[SourceVersion "1"]
[SourceVersionDate "2011.11.24"]
[SourceQuality "1"]

1. e4 e6 2. d4 c5 3. Nf3 cxd4 4. Nxd4 Nf6 5. f3 Nc6 6. Bc4 a6 7. Be3 g6 8. Nc3 Bg7 9. Qd2 b5 10. Bb3 Bb7 11. 0-0-0 Na5 12. Nce2 Nc4 13. Bxc4 bxc4 14. Nc3 d5 15. Bh6 Bxh6 16. Qxh6 Ng8 17. Qe3 Ne7 18. Qh6 Ng8 19. Qe3 Ne7 20. Qh6 Ng8 1/2-1/2

[Event "Llinars del Valles op-B 5th"]
[Site "Llinars del Valles"]
[Date "2011.05.28"]
[Round "5"]
[White "Florit Ballester, Enric"]
[Black "Camps Carreras, Marcel"]
[Result "0-1"]
[WhiteElo "1612"]
[BlackElo "1569"]
[PlyCount "170"]
[EventDate "2011.04.30"]
[EventType "swiss"]
[EventRounds "7"]
[EventCountry "ESP"]
[SourceTitle "EXT 2012"]
[Source "ChessBase"]
[SourceDate "2011.11.24"]
[SourceVersion "1"]
[SourceVersionDate "2011.11.24"]
[SourceQuality "1"]

1. e4 e5 2. Nf3 Nc6 3. d4 exd4 4. Nxd4 Bc5 5. Nb3 Bb6 6. Nc3 d6 7. Nd5 Qh4 8. Nxb6 Qxe4+ 9. Qe2 Qxe2+ 10. Bxe2 axb6 11. c3 Be6 12. Bd1 Bc4 13. Be3 Ne5 14. Nc1 Nf6 15. b3 Bb5 16. c4 Bc6 17. f3 Nfd7 18. 0-0 b5 19. cxb5 Bxb5 20. Re1 0-0 21. Be2 Bxe2 22. Rxe2 Rfe8 23. Kf2 Nf6 24. a4 Nd5 25. Bd2 Re6 26. Rb1 Rae8 27. Kf1 Nf6 28. Be3 Nd5 29. Bd2 Kf8 30. h3 Nc6 31. Rxe6 Rxe6 32. Ne2 Ne3+ 33. Bxe3 Rxe3 34. Kf2 Re8 35. b4 Ne5 36. Rb3 Rd8 37. Nd4 Ke7 38. Nf5+ Kf6 39. Nd4 c5 40. bxc5 dxc5 41. Ne2 Re8 42. Rc3 Ra8 43. Ra3 b6 44. Nf4 Rb8 45. Nd5+ Ke6 46. Nc7+ Kd6 47. Nb5+ Kc6 48. Ke2 Rd8 49. Na7+ Kb7 50. Nb5 Ka6 51. Nc7+ Ka5 52. Nb5 Nc6 53. Ke3 Nb4 54. Ke4 Nc2 55. Ra2 Nd4 56. Nc3 Kb4 57. Nb1 Ra8 58. Rb2+ Ka5 59. Nc3 Rd8 60. Nd5 Rd6 61. Nc3 Re6+ 62. Kd5 Re8 63. Kc4 Nc6 64. Rb5+ Ka6 65. Kd5 Nb4+ 66. Kd6 Re6+ 67. Kd7 Re1 68. Kc7 Re7+ 69. Kd6 Re8 70. Kd7 Re3 71. Ne4 Ra3 72. Kc7 Nd5+ 73. Kc6 Rxa4 74. Nd6 Rb4 75. Rxb4 Nxb4+ 76. Kd7 Nd3 77. Nc4 b5 78. Na3 b4 79. Nb1 Kb5 80. Ke7 c4 81. Kxf7 c3 82. Kxg7 c2 83. Nd2 c1Q 84. Ne4 Qc7+ 85. Kf6 b3 0-1

[Event "Llinars del Valles op-B 4th"]
[Site "Llinars del Valles"]
[Date "2010.04.17"]
[Round "2"]
[White "Camps Carreras, Marcel"]
[Black "Delgado Prada, Benjamin"]
[Result "0-1"]
[WhiteElo "1551"]
[BlackElo "1750"]
[PlyCount "112"]
[EventDate "2010.04.10"]
[EventType "swiss"]
[EventRounds "7"]
[EventCountry "ESP"]
[SourceTitle "EXT 2012"]
[Source "ChessBase"]
[SourceDate "2011.11.24"]
[SourceVersion "1"]
[SourceVersionDate "2011.11.24"]
[SourceQuality "1"]

1. e4 e6 2. d4 d5 3. e5 c5 4. c3 Nc6 5. Nf3 Qb6 6. Bd3 Bd7 7. 0-0 cxd4 8. cxd4 Nxd4 9. Nxd4 Qxd4 10. Nc3 a6 11. Re1 Qb6 12. Qg4 g6 13. Qe2 Bg7 14. Bg5 Bc6 15. a4 Qc7 16. Nb5 axb5 17. axb5 Rb8 18. bxc6 bxc6 19. Ra6 Ne7 20. Rc1 Rb6 21. Ra8+ Kd7 22. Rxh8 Bxh8 23. Bf6 Bxf6 24. exf6 Ng8 25. Ra1 Nxf6 26. Ra6 Rxa6 27. Bxa6 Qb6 28. Bd3 Qd4 29. h3 Ke7 30. b3 Nd7 31. Qc2 Nc5 32. Be2 Kd6 33. Qa2 Qc3 34. Qa3 Qe1+ 35. Bf1 Qc3 36. Qa7 Nd7 37. Qa3+ Qc5 38. b4 Qb6 39. b5+ c5 40. Qg3+ Ke7 41. Qh4+ Nf6 42. Qa4 Ne4 43. Qa6 Qb8 44. b6 Nd6 45. Qa7+ Qb7 46. Ba6 Qd7 47. Qxd7+ Kxd7 48. Kf1 Kc6 49. b7 Nxb7 50. Be2 c4 51. Ke1 Kc5 52. Kd2 Kd4 53. Bd1 Nc5 54. h4 h6 55. g4 Ne4+ 56. Ke2 Nc3+ 0-1